Science Quiz

Random Science or Animal Quiz

Animal or Not? Quiz Stats

 Plays Quiz Updated Dec 7, 2017

Score 0/20 Timer 02:00
0 Plays Today
% Correct
Jaguar
95.8%
Penguin
95.6%
Flamingo
95.5%
Iguana
94.6%
Platypus
94.5%
Sparrow
94.5%
Wombat
94.1%
Dingo
93.3%
Wallaby
92.3%
Narwhal
90.5%
% Correct
Proboscis Monkey
89.2%
Blobfish
87.5%
Capybara
87.4%
Sea Cucumber
86.6%
Echidna
77.4%
Shoebill
73.4%
Axolotl
70%
Aye-aye
68.8%
Fossa
51.4%
Sarcastic Fringehead
33%

You're not logged in!

Compare scores with friends on all Sporcle quizzes.
OR
Log In

You Might Also Like...

Show Comments

Extras

Top Quizzes Today


Score Distribution

Your Account Isn't Verified!

In order to create a playlist on Sporcle, you need to verify the email address you used during registration. Go to your Sporcle Settings to finish the process.

Report this User

Report this user for behavior that violates our Community Guidelines.

Details: